Dohody o prácach vykonávaných mimo pracovného pomeru

Právne úpravy vyplývajúce z noviel zákona č. 311/2001 Z. z. Zákonník práce, zákonom č. 248/2022 Z. z. o výchove a vzdelávaní (školský zákon) a o zmene a doplnení niektorých zákonov a zákonom č. 350/2022 Z. z., ktorým sa mení a dopĺňa Zákonník práce v znení neskoršíc predpisov.

Gespeichert in:
Bibliographische Detailangaben
1. Verfasser: Veverková, Ingrid
Format: Buchkapitel
Sprache:Slowakisch
Schlagworte:
Tags: Tag hinzufügen
Keine Tags, Fügen Sie das erste Tag hinzu!

MARC

LEADER 00000naa a2200000 4500
001 0292196
005 20240417075234.3
041 0 |a slo 
044 |a SK 
245 1 0 |a Dohody o prácach vykonávaných mimo pracovného pomeru  |c v školách a školských zariadeniach 
520 |a Právne úpravy vyplývajúce z noviel zákona č. 311/2001 Z. z. Zákonník práce, zákonom č. 248/2022 Z. z. o výchove a vzdelávaní (školský zákon) a o zmene a doplnení niektorých zákonov a zákonom č. 350/2022 Z. z., ktorým sa mení a dopĺňa Zákonník práce v znení neskoršíc predpisov. 
610 2 0 |a školstvo 
610 2 0 |a dohody 
610 2 0 |a dohody o prácach mimo pracovného pomeru 
610 2 0 |a úpravy právne 
610 2 0 |a zákony 
100 1 |a Veverková, Ingrid